Evaluacin̤ financiera de proyectos con aplicaciones en Excel

Bibliographic Details
Main Author: Ramr̕ez Da̕z, Jos ̌Augusto
Format: eBook
Language:Spanish
Published: Bogot:̀ Ediciones de la U, 2019
Edition:2ð Edicin̤
Subjects:
Online Access:Acceso restringido

MARC

LEADER 00000nam a22000007a 4500
005 2019111808008.0
007 cr|||| ||||
008 191118s2019 co |||||s|||| 00||0 spa d
020 |a 978-958-792-019-2 
035 |a 30699 
040 |a vLex 
090 |c 10054  |d 10054 
100 1 |a Ramr̕ez Da̕z, Jos ̌Augusto 
245 1 0 |a Evaluacin̤ financiera de proyectos con aplicaciones en Excel  |h [Recurso electrn̤ico] /  |c Jos ̌Augusto Ramr̕ez Da̕z 
250 |a 2ð Edicin̤ 
256 |a Servicio en ln̕ea 
260 |a Bogot:̀  |b Ediciones de la U,  |c 2019 
300 |a 1 recurso electrn̤ico 
506 1 |a Disponible solo en los productos indicados  |d vLex Global  |d vLex Global (Academic Edition, excluding Law Schools)  |d vLex Global (U.S. Academic Edition, Law Schools)  |d vLex Global (U.S. Academic Edition, excluding Law Schools)  |d vLex Global (Academic Edition, Law Schools) 
650 0 4 |a Derecho Mercantil y de la Empresa  |z Colombia 
650 0 4 |a Financiero  |z Colombia 
740 0 |a vLex Libros (Servicio en ln̕ea) 
856 4 0 |u http://vlex.com/source/evaluacion-financiera-proyectos-aplicaciones-excel-30699  |z Acceso restringido 
942 |c BOOK 
999 0 |a Commercial and Business Law 
999 0 |a Financial